[Event "Paris-ch Open B"]
[Site "Paris"]
[Date "2012.07.07"]
[Round "1.1"]
[White "Nguyen Van, Stanislas"]
[Black "Rubini, Xavier"]
[Result "1-0"]
[WhiteElo "1895"]
[BlackElo "1651"]
[PlyCount "65"]
[EventDate "2012.07.07"]
[EventCountry "FRA"]
[SourceDate "2012.07.07"]

1. d4 d5 2. Nf3 c5 3. c3 c4 4. e4 e6 5. e5 f6 6. b3 b5 7. a4 Bd7 8. axb5 Bxb5
9. bxc4 dxc4 10. Bxc4 Qd7 11. Bxb5 Qxb5 12. Qa4 Qxa4 13. Rxa4 fxe5 14. Nxe5 Nf6
15. O-O Nd5 16. Re1 Be7 17. Nf3 Nc7 18. Bf4 Nba6 19. Bg5 Bxg5 20. Nxg5 Kd7 21.
Nd2 Rab8 22. Nf7 Rhf8 23. Ne5+ Ke8 24. d5 Rb2 25. Ndf3 Nc5 26. Rxa7 Nxd5 27.
Ra8+ Ke7 28. Ra7+ Kf6 29. Ng4+ Kf5 30. Rxg7 Ne4 31. Nh4+ Kf4 32. g3+ Nxg3 33.
hxg3# 1-0

[Event "Paris-ch Open B"]
[Site "Paris"]
[Date "2012.07.07"]
[Round "1.2"]
[White "Sampaio, Joao"]
[Black "Assedo, Johaquim"]
[Result "0-1"]
[WhiteElo "1650"]
[BlackElo "1890"]
[PlyCount "50"]
[EventDate "2012.07.07"]
[EventCountry "FRA"]
[SourceDate "2012.07.07"]

1. c4 e5 2. Nc3 Nf6 3. e4 Bc5 4. Be2 d6 5. Nf3 Nc6 6. d3 h6 7. O-O Bd7 8. Na4
Qe7 9. Nxc5 dxc5 10. h3 O-O-O 11. Ne1 g5 12. f3 Rdg8 13. Nc2 Nh5 14. Ne3 Nd4
15. Nd5 Qd6 16. b4 c6 17. bxc5 Qxc5 18. Ne3 Nf4 19. Rf2 Nfxe2+ 20. Rxe2 Nxe2+
21. Qxe2 f5 22. Kf1 f4 23. Nd1 g4 24. d4 gxf3 25. gxf3 Qxd4 0-1

[Event "Paris-ch Open B"]
[Site "Paris"]
[Date "2012.07.07"]
[Round "1.3"]
[White "Leclerc, Arnaud"]
[Black "Simon, Eric2"]
[Result "1-0"]
[WhiteElo "1890"]
[BlackElo "1650"]
[Annotator "Triger,Franck"]
[PlyCount "55"]
[EventDate "2012.07.07"]
[EventCountry "FRA"]
[SourceDate "2012.07.07"]

1. e4 d6 2. d4 Nf6 3. f3 g6 4. Be3 Bg7 5. Nc3 O-O 6. Qd2 Re8 7. O-O-O c6 8. g4
b5 9. Nce2 Nfd7 10. h4 Nb6 11. Ng3 N8d7 12. h5 Nc4 13. Bxc4 bxc4 14. hxg6 fxg6
15. Nh3 Rb8 16. Ng5 Qb6 17. c3 Nf8 18. Rh2 h6 19. Nh3 Kh7 20. Rdh1 Ne6 21. Ng5+
Nxg5 22. Bxg5 Qa5 23. Kb1 Kg8 24. Bxh6 Bxh6 25. Rxh6 Kf7 26. d5 cxd5 27. Qf4+
Ke6 28. Qf5# 1-0

[Event "Paris-ch Open B"]
[Site "Paris"]
[Date "2012.07.07"]
[Round "1.4"]
[White "Segura, Olivier"]
[Black "Schmit, Vincent"]
[Result "1/2-1/2"]
[WhiteElo "1648"]
[BlackElo "1889"]
[PlyCount "109"]
[EventDate "2012.07.07"]
[EventCountry "FRA"]
[SourceDate "2012.07.07"]

1. e4 e6 2. d4 d5 3. exd5 exd5 4. c4 Nf6 5. Nc3 Nbd7 6. cxd5 Nb6 7. Bb5+ Bd7 8.
Bxd7+ Qxd7 9. Nf3 Bd6 10. Qe2+ Qe7 11. Qxe7+ Bxe7 12. Bg5 Nfxd5 13. Nxd5 Nxd5
14. Bxe7 Nxe7 15. Rc1 O-O-O 16. O-O Rd5 17. Rc5 Rhd8 18. Rfc1 Nc6 19. Rxd5 Rxd5
20. Rd1 f6 21. Kf1 Ne5 22. Ke2 Ng6 23. g3 Kd7 24. Rc1 Kd6 25. Ke3 Ne7 26. g4
Rb5 27. Nd2 Nd5+ 28. Ke4 Nb6 29. b3 h5 30. h3 hxg4 31. hxg4 a5 32. Nc4+ Nxc4
33. Rxc4 g6 34. f4 Rb4 35. g5 Rxc4 36. bxc4 f5+ 37. Kd3 Kc6 38. Kc3 b5 39. a3
Kb6 40. Kb3 c6 41. Kc3 Kc7 42. Kb3 Kd6 43. Kc3 Kc7 44. Kb3 Kb6 45. Kc3 Kb7 46.
Kb3 Kc7 47. Kc3 Kd6 48. Kb3 bxc4+ 49. Kxc4 a4 50. Kc3 Kd5 51. Kd3 c5 52. dxc5
Kxc5 53. Kc3 Kd5 54. Kd3 Kc5 55. Kc3 1/2-1/2

[Event "Paris-ch Open B"]
[Site "Paris"]
[Date "2012.07.07"]
[Round "1.5"]
[White "Duget, Jean Claude"]
[Black "Likhoded, Victoria"]
[Result "1/2-1/2"]
[WhiteElo "1888"]
[BlackElo "1644"]
[Annotator "Triger,Franck"]
[PlyCount "134"]
[EventDate "2012.07.07"]
[EventCountry "FRA"]
[SourceDate "2012.07.07"]

1. e4 d6 2. d4 Nf6 3. Nc3 Nbd7 4. Nf3 e5 5. Bc4 h6 6. h3 Be7 7. Be3 c6 8. a4 b6
9. dxe5 dxe5 10. O-O O-O 11. Qe2 Qc7 12. Rfd1 Nc5 13. Nd2 Be6 14. Bxc5 Bxc4 15.
Qxc4 Bxc5 16. Nb3 Be7 17. Nd5 Nxd5 18. exd5 Rac8 19. dxc6 Qxc6 20. Qxc6 Rxc6
21. Rd7 Bf6 22. c3 a6 23. Kf1 Re8 24. Rad1 Kf8 25. Ra7 a5 26. Rad7 Re7 27. R7d5
Ree6 28. Nd2 e4 29. Re1 e3 30. Rxe3 Rxe3 31. fxe3 Re6 32. Rd3 Bg5 33. Ke2 Ke7
34. Nf3 Bf6 35. Nd4 Bxd4 36. cxd4 Rg6 37. Kf2 Rf6+ 38. Kg1 Rf5 39. g3 b5 40. e4
Rh5 41. g4 Rg5 42. axb5 Rxb5 43. b3 h5 44. Kf2 hxg4 45. hxg4 g6 46. Kf3 g5 47.
e5 f6 48. exf6+ Kxf6 49. d5 Ke5 50. d6 Rb8 51. d7 Rd8 52. Ke3 Ke6 53. Ke4 Kf6
54. Rd6+ Ke7 55. Kd5 Rxd7 56. Rxd7+ Kxd7 57. Ke5 $4 (57. Kc5 Ke6 58. Kb5 Ke5
59. Kxa5 Kf4 60. b4 Kxg4 61. b5 Kh3 62. b6 g4 63. b7 $18) 57... Kc6 58. Kd4 Kb5
59. Kc3 Kc5 60. Kb2 Kb6 61. Ka2 Kc5 62. Ka3 Kb5 63. Ka2 Kb6 64. Ka3 Kb5 65. Ka2
Kb6 66. Ka3 Kb5 67. Ka2 Kb6 1/2-1/2

[Event "Paris-ch Open B"]
[Site "Paris"]
[Date "2012.07.07"]
[Round "1.6"]
[White "Akulyan, Lyova"]
[Black "Insuasty, Luis"]
[Result "1-0"]
[WhiteElo "1636"]
[BlackElo "1885"]
[PlyCount "41"]
[EventDate "2012.07.07"]
[EventCountry "FRA"]
[SourceDate "2012.07.07"]

1. e4 c5 2. Nc3 Nc6 3. Bc4 g6 4. d3 Bg7 5. f4 d6 6. Nf3 Nf6 7. O-O O-O 8. a4
Kh8 9. Kh1 a6 10. Ng5 e6 11. f5 h6 12. fxg6 hxg5 13. Rxf6 fxg6 14. Rxg6 Qe8 15.
Rxg5 Bh6 16. Rg3 Rf6 17. Bxh6 Rxh6 18. Qg4 Qf8 19. Rf3 Qe7 20. Raf1 Ne5 21.
Rf8+ 1-0

[Event "Paris-ch Open B"]
[Site "Paris"]
[Date "2012.07.10"]
[Round "1.6"]
[White "Lalanne, Tony"]
[Black "Spiette, Jean Michel"]
[Result "1-0"]
[WhiteElo "1723"]
[BlackElo "1832"]
[PlyCount "61"]
[EventDate "2012.07.07"]
[EventCountry "FRA"]
[SourceDate "2012.07.07"]

1. e4 c5 2. Nf3 Nc6 3. d4 cxd4 4. Nxd4 Ne5 5. Nc3 e6 6. Ndb5 d6 7. Bf4 f6 8.
Qd2 Nf7 9. Be3 a6 10. Nd4 Be7 11. Bc4 e5 12. Ne6 Bxe6 13. Bxe6 Ng5 14. Bd5 Qc7
15. h4 Nf7 16. O-O-O Bd8 17. Bxf7+ Qxf7 18. Qxd6 Ne7 19. Qd7+ Kf8 20. Qxb7 Rc8
21. Rd7 Qc4 22. Rhd1 Kf7 23. Qb3 Kg6 24. Qxc4 Rxc4 25. Rxd8 Rxd8 26. Rxd8 f5
27. Rd6+ Kh5 28. Bg5 Nc6 29. exf5 Nd4 30. f3 g6 31. g4# 1-0

[Event "Paris-ch Open B"]
[Site "Paris"]
[Date "2012.07.07"]
[Round "1.8"]
[White "Pyrovolou, Georges"]
[Black "Sochacki, Zenon"]
[Result "0-1"]
[WhiteElo "1634"]
[BlackElo "1884"]
[PlyCount "66"]
[EventDate "2012.07.07"]
[EventCountry "FRA"]
[SourceDate "2012.07.07"]

1. d4 d5 2. g3 g6 3. Bg2 Bg7 4. c3 c6 5. e4 dxe4 6. Bxe4 Nf6 7. Bg2 Bg4 8. Nf3
O-O 9. O-O Qc8 10. Be3 Na6 11. Qc1 Nd5 12. Bh6 Nac7 13. Bxg7 Kxg7 14. Ne5 f6
15. Nxg4 Qxg4 16. Re1 Rae8 17. Re4 Qf5 18. a3 e5 19. g4 Qd7 20. h3 f5 21. gxf5
Rxf5 22. h4 Nf4 23. Bf3 Nh3+ 24. Kg2 Rxf3 25. Kxf3 Qf5+ 26. Ke3 Nd5+ 27. Kd3
exd4 28. Nd2 Nxf2+ 29. Kc4 Nxe4 30. Nxe4 Rxe4 31. cxd4 Nb6+ 32. Kc3 Qf3+ 33.
Kb4 Rxd4+ 0-1

[Event "Paris-ch Open B"]
[Site "Paris"]
[Date "2012.07.07"]
[Round "1.9"]
[White "Graton, Tanguy"]
[Black "Zlotnikov, Alexander"]
[Result "1-0"]
[WhiteElo "1882"]
[BlackElo "1634"]
[PlyCount "71"]
[EventDate "2012.07.07"]
[EventCountry "FRA"]
[SourceDate "2012.07.07"]

1. e4 e6 2. d4 d5 3. Nd2 c5 4. Ngf3 Nf6 5. e5 Nfd7 6. c3 cxd4 7. cxd4 Nc6 8.
Bd3 Qb6 9. O-O Nxd4 10. Nxd4 Qxd4 11. Nf3 Qb6 12. Qa4 Qb4 13. Qc2 Qc5 14. Qe2
Nb6 15. Be3 Qc7 16. Rac1 Qd8 17. Rc2 Bd7 18. Rfc1 Rc8 19. Nd4 Rxc2 20. Qxc2 Qc8
21. Qb3 Qb8 22. Nb5 Bc6 23. Nxa7 Qxa7 24. Bxb6 Qa4 25. Qxa4 Bxa4 26. Rc8+ Kd7
27. Rc7+ Ke8 28. Rxb7 g6 29. Rb8+ Kd7 30. b3 Bc6 31. Rd8+ Ke7 32. Rc8 Be8 33.
Rc7+ Kd8 34. Rxf7+ Kc8 35. Ba6+ Kb8 36. Rc7 1-0

[Event "Paris-ch Open B"]
[Site "Paris"]
[Date "2012.07.07"]
[Round "1.10"]
[White "Pham Hieu Tuong"]
[Black "Delemarle, Jean Jacques"]
[Result "1/2-1/2"]
[WhiteElo "1882"]
[BlackElo "1632"]
[PlyCount "112"]
[EventDate "2012.07.07"]
[EventCountry "FRA"]
[SourceDate "2012.07.07"]

1. e4 c5 2. Nf3 e6 3. d4 cxd4 4. Nxd4 a6 5. a4 Qc7 6. Be3 Nf6 7. Bd3 Nc6 8. O-O
Be7 9. Qe2 O-O 10. Nb3 Re8 11. a5 d5 12. Bb6 Qb8 13. N1d2 Bd7 14. f4 dxe4 15.
Nxe4 Nd5 16. Nec5 Nxb6 17. axb6 Qc8 18. Rad1 Nb8 19. Nxd7 Nxd7 20. Bxh7+ Kh8
21. Rxd7 Qxd7 22. Qh5 Bf6 23. Rd1 Qc8 24. Qxf7 Kxh7 25. Rd3 e5 26. Rh3+ Qxh3
27. gxh3 Re7 28. Qh5+ Kg8 29. fxe5 Rxe5 30. Qf3 Re7 31. c3 Rae8 32. Nd4 Re1+
33. Kg2 Bxd4 34. Qd5+ Kf8 35. cxd4 R8e7 36. b4 R1e6 37. Qd8+ Kf7 38. Qd5 Kg6
39. h4 Rc6 40. Qg5+ Kf7 41. Qh5+ Rg6+ 42. Kf3 Ree6 43. Qd5 Kg8 44. h5 Rgf6+ 45.
Kg4 Kh7 46. Qxb7 Rxb6 47. Qe4+ Kh8 48. d5 Rbd6 49. Qe5 Kh7 50. Qe2 Kh8 51. Qe7
Kh7 52. Qe8 Rb6 53. Qe7 Rbd6 54. Qe4+ Kg8 55. Kg5 Rb6 56. Qe8+ Kh7 1/2-1/2

[Event "Paris-ch Open B"]
[Site "Paris"]
[Date "2012.07.08"]
[Round "2.1"]
[White "Beaufils, Antoine"]
[Black "Nguyen Van, Stanislas"]
[Result "1-0"]
[WhiteElo "1749"]
[BlackElo "1895"]
[PlyCount "83"]
[EventDate "2012.07.07"]
[EventCountry "FRA"]
[SourceDate "2012.07.07"]

1. e4 d5 2. exd5 Nf6 3. d4 Nxd5 4. c4 Nb6 5. Nf3 c6 6. c5 Nd5 7. Nc3 e6 8. Bd3
Nxc3 9. bxc3 b6 10. Ne5 bxc5 11. Qf3 Qf6 12. Be4 Qxf3 13. Bxf3 cxd4 14. Nxc6
Bb7 15. Nxd4 Bxf3 16. Nxf3 Be7 17. Bf4 Nc6 18. O-O O-O 19. Rab1 Rac8 20. Rb7
Bf6 21. Rc1 h6 22. c4 Nd4 23. Nxd4 Bxd4 24. Rc7 e5 25. Rxc8 Rxc8 26. Bd2 Rc6
27. Kf1 Rf6 28. f3 e4 29. Bc3 Bxc3 30. Rxc3 exf3 31. Rxf3 Rxf3+ 32. gxf3 Kf8
33. Ke2 g5 34. Ke3 Ke7 35. Kd4 Ke6 36. c5 a6 37. h3 h5 38. c6 f5 39. Kc5 g4 40.
fxg4 fxg4 41. hxg4 h4 42. Kb6 1-0

[Event "Paris-ch Open B"]
[Site "Paris"]
[Date "2012.07.08"]
[Round "2.2"]
[White "Assedo, Johaquim"]
[Black "Weinberger, Robert"]
[Result "1-0"]
[WhiteElo "1890"]
[BlackElo "1743"]
[PlyCount "100"]
[EventDate "2012.07.07"]
[EventCountry "FRA"]
[SourceDate "2012.07.07"]

1. e4 c5 2. Nf3 d6 3. Nc3 Nf6 4. d4 cxd4 5. Nxd4 a6 6. Be2 e6 7. Be3 Be7 8. Qd2
Nbd7 9. a4 Qa5 10. O-O O-O 11. Nd5 Qd8 12. Nxe7+ Qxe7 13. f3 d5 14. Bd3 Ne5 15.
Bg5 h6 16. Bh4 Nxd3 17. Qxd3 g5 18. Bf2 e5 19. Nb3 dxe4 20. fxe4 Rd8 21. Qf3
Bg4 22. Bc5 Qxc5+ 23. Nxc5 Bxf3 24. Rxf3 b6 25. Nb7 Rd7 26. Rxf6 Rxb7 27. Rxh6
Rc8 28. c3 Rc4 29. Re1 Rxa4 30. Rf6 Kg7 31. Rd6 Rc4 32. Kf2 a5 33. Kf3 f6 34.
Ke3 Rcc7 35. Red1 b5 36. Ra6 a4 37. Rdd6 b4 38. Rxf6 bxc3 39. bxc3 Rxc3+ 40.
Kd2 Ra3 41. Rg6+ Kh7 42. Rxg5 Rb2+ 43. Kc1 Re2 44. Rh5+ Kg7 45. Rg5+ Kh7 46.
Kd1 Rf2 47. Ke1 Rb2 48. Rh5+ Kg7 49. Rg5+ Kf7 50. Rf5+ Kg7 1-0

[Event "Paris-ch Open B"]
[Site "Paris"]
[Date "2012.07.08"]
[Round "2.3"]
[White "Stojanovic, Vojislav"]
[Black "Leclerc, Arnaud"]
[Result "1/2-1/2"]
[WhiteElo "1742"]
[BlackElo "1890"]
[PlyCount "111"]
[EventDate "2012.07.07"]
[EventCountry "FRA"]
[SourceDate "2012.07.07"]

1. e4 e5 2. Nf3 f5 3. d3 Nc6 4. Nc3 Nf6 5. exf5 d5 6. Bg5 Bb4 7. a3 Bxc3+ 8.
bxc3 Bxf5 9. Nh4 Be6 10. Be2 O-O 11. O-O Qd7 12. f4 exf4 13. Bxf4 Rae8 14. Qd2
Bg4 15. Rae1 Bxe2 16. Rxe2 Qg4 17. Rxe8 Rxe8 18. Nf3 Re7 19. Re1 Rxe1+ 20. Nxe1
Qd7 21. Qe2 Ne7 22. Nf3 c6 23. Ng5 Ng6 24. Bg3 Nf8 25. h3 h6 26. Nf3 Ng6 27.
Nd4 Kf7 28. Nf3 Qe7 29. Qxe7+ Kxe7 30. Bb8 a6 31. Nd4 Kd7 32. Nf5 Ne8 33. Ba7
Ne7 34. Ne3 Nc8 35. Bd4 Ncd6 36. g4 Nb5 37. a4 Nxd4 38. cxd4 Nd6 39. c4 dxc4
40. dxc4 g6 41. Kf1 b5 42. cxb5 cxb5 43. axb5 Nxb5 44. Nc2 Kd6 45. Ke2 a5 46.
Kd3 Ke6 47. Kc4 Nd6+ 48. Kd3 Kf6 49. h4 h5 50. Ne3 hxg4 51. Nxg4+ Kg7 52. Ne5
Nf5 53. Kc4 Nd6+ 54. Kb3 Nf5 55. Ka4 Nxd4 56. Kxa5 1/2-1/2

[Event "Paris-ch Open B"]
[Site "Paris"]
[Date "2012.07.08"]
[Round "2.4"]
[White "Saunier, Jean Francois"]
[Black "Mayot, Philippe"]
[Result "0-1"]
[WhiteElo "1740"]
[BlackElo "1885"]
[PlyCount "100"]
[EventDate "2012.07.07"]
[EventCountry "FRA"]
[SourceDate "2012.07.07"]

1. e4 c6 2. d4 d5 3. exd5 cxd5 4. c4 Nf6 5. Nc3 g6 6. c5 Bg7 7. Bb5+ Nc6 8. f3
O-O 9. Bxc6 bxc6 10. Nge2 e5 11. O-O exd4 12. Nxd4 Bd7 13. Re1 Qa5 14. Be3 Rfe8
15. Qd2 Qxc5 16. Ne6 Qa5 17. Nxg7 Kxg7 18. Bh6+ (18. Bd4 Qd8 19. Na4 Kg8 20.
Nc5 Nh5 21. g4 Ng7 22. Rxe8+ Bxe8 23. Re1 (23. Qh6 f6)) 18... Kg8 19. Kh1 Rxe1+
20. Rxe1 Re8 21. Rxe8+ Nxe8 22. Qe3 Be6 23. a3 Qb6 24. Qxb6 axb6 25. Kg1 Nd6
26. Kf2 c5 27. Na4 Nc8 28. Bf4 Bd7 29. Nc3 Bc6 30. Bc7 Kf8 31. Ke1 Ke7 32. Kd2
Kd7 33. Bf4 Nd6 34. Kc1 d4 35. Ne2 Nf5 36. Bg5 h6 37. Bf6 Ne3 38. Nxd4 cxd4 39.
Bxd4 Nxg2 40. Bxb6 Bxf3 41. Kd2 Bd5 42. a4 Nh4 43. Ke3 Nf5+ 44. Kf2 Nd6 45. Bd4
Bb3 46. a5 Kc8 47. Be5 Nc4 48. Bc3 Kb7 49. Kf3 Ka6 50. h4 h5 0-1

[Event "Paris-ch Open B"]
[Site "Paris"]
[Date "2012.07.08"]
[Round "2.6"]
[White "Apap, Hugo"]
[Black "Graton, Tanguy"]
[Result "1/2-1/2"]
[WhiteElo "1738"]
[BlackElo "1882"]
[PlyCount "116"]
[EventDate "2012.07.07"]
[EventCountry "FRA"]
[SourceDate "2012.07.07"]

1. d4 Nf6 2. c4 e6 3. Nc3 Bb4 4. Qc2 d5 5. e3 Nbd7 6. c5 Ne4 7. a3 Bxc3+ 8.
bxc3 O-O 9. Nf3 b6 10. cxb6 axb6 11. Bd3 Ba6 12. Bxe4 dxe4 13. Qxe4 Nf6 14. Qc2
Qd5 15. Bb2 Ne4 16. Rc1 Bc4 17. Rg1 Qf5 18. Ne5 Bb3 19. g4 Qxe5 20. dxe5 Bxc2
21. Rxc2 Rfd8 22. Ke2 b5 23. Rd1 Rxd1 24. Kxd1 Rd8+ 25. Ke2 Kf8 26. f3 Nc5 27.
c4 bxc4 28. Rxc4 Nb3 29. Bd4 c6 30. Rxc6 Nxd4+ 31. exd4 Rxd4 32. Rc3 Ke7 33.
Rd3 Rc4 34. Kd2 Rc5 35. f4 g5 36. Ke3 Rc4 37. f5 exf5 38. gxf5 Rf4 39. f6+ Ke6
40. Rd4 Rf1 41. Rd2 Kxe5 42. Rg2 Kxf6 43. Ra2 Ke5 44. a4 Rf6 45. Rb2 Rd6 46. a5
f5 47. Rb3 h5 48. Kf3 g4+ 49. Kg3 f4+ 50. Kg2 h4 51. Rb2 h3+ 52. Kf2 Kd5 53.
Rb4 Rf6 54. Ra4 g3+ 55. hxg3 h2 56. Kg2 fxg3 57. Ra1 Rf2+ 58. Kxg3 Rf8 1/2-1/2

[Event "Paris-ch Open B"]
[Site "Paris"]
[Date "2012.07.08"]
[Round "2.7"]
[White "Durand, Sylvain"]
[Black "Cardon, Guillaume"]
[Result "1-0"]
[WhiteElo "1865"]
[BlackElo "1730"]
[PlyCount "55"]
[EventDate "2012.07.07"]
[EventCountry "FRA"]
[SourceDate "2012.07.07"]

1. e4 c5 2. Nf3 e6 3. d4 cxd4 4. Nxd4 a6 5. Bd3 b5 6. O-O Bb7 7. a3 d6 8. Nc3
Nf6 9. Kh1 Nbd7 10. f4 h5 11. Qe2 h4 12. Kg1 Nc5 13. Nf3 Qc7 14. Bd2 O-O-O 15.
b4 Nxd3 16. cxd3 Kb8 17. Rfc1 Qd7 18. a4 Ng4 19. axb5 axb5 20. h3 e5 21. hxg4
Qxg4 22. Qf2 h3 23. Qa7+ Kc8 24. Nxb5+ Kd7 25. Qxb7+ Ke8 26. Nc7+ Kd7 27. Nd5+
Ke8 28. Qc6+ 1-0

[Event "Paris-ch Open B"]
[Site "Paris"]
[Date "2012.07.08"]
[Round "2.8"]
[White "Stili, Mehdi"]
[Black "Berranger, Arnaud"]
[Result "1-0"]
[WhiteElo "1858"]
[BlackElo "1727"]
[PlyCount "45"]
[EventDate "2012.07.07"]
[EventCountry "FRA"]
[SourceDate "2012.07.07"]

1. e4 e6 2. Qe2 b6 3. g3 Ba6 4. d3 Nc6 5. Nf3 Be7 6. Bg2 h6 7. Nbd2 d6 8. O-O
g5 9. h3 Qd7 10. a4 h5 11. Nb3 f6 12. Nfd4 Nxd4 13. Nxd4 c5 14. e5 d5 15. exf6
cxd4 16. fxe7 Qxe7 17. Re1 Rh6 18. Qe5 Rg6 19. Bf3 Kd7 20. Bxh5 Rg7 21. Bg4 Re8
22. Qxd4 Bb7 23. Rxe6 1-0

[Event "Paris-ch Open B"]
[Site "Paris"]
[Date "2012.07.08"]
[Round "2.9"]
[White "David, Jean Luc"]
[Black "Vuddamalay, Milan"]
[Result "0-1"]
[WhiteElo "1728"]
[BlackElo "1857"]
[Annotator "Triger,Franck"]
[PlyCount "76"]
[EventDate "2012.07.07"]
[EventCountry "FRA"]
[SourceDate "2012.07.07"]

1. d4 d5 2. Nc3 Nf6 3. f3 c5 4. dxc5 e6 5. Be3 Nc6 6. Bf2 Qa5 7. a3 Bxc5 8. e3
Qc7 9. Bb5 Bd7 10. Nge2 O-O 11. O-O Ne5 12. Bxd7 Nfxd7 13. Na4 Bd6 14. Nd4 a6
15. f4 Nc4 16. b3 Na5 17. Qd2 Rac8 18. Be1 Nc6 19. c3 Nf6 20. b4 Ne4 21. Qd3 b5
22. Nb2 e5 23. fxe5 Nxe5 24. Qc2 Ng4 25. Qe2 Bxh2+ 26. Kh1 h5 (26... Bg1 27.
Rf4 Nxe3 28. Rh4) 27. Rf3 Bg3 28. Bxg3 Nxg3+ 29. Rxg3 Qxg3 30. Nf3 Rxc3 31. Qe1
Qxe1+ 32. Rxe1 Rxe3 33. Rxe3 Nxe3 34. Nd4 Rc8 35. Nd3 Rc3 36. Nf2 Ng4 37. Nxg4
hxg4 38. Kh2 Rxa3 0-1

[Event "Paris-ch Open B"]
[Site "Paris"]
[Date "2012.07.08"]
[Round "2.10"]
[White "Lalanne, Tony"]
[Black "Bourogaa, Younes"]
[Result "1-0"]
[WhiteElo "1723"]
[BlackElo "1847"]
[PlyCount "113"]
[EventDate "2012.07.07"]
[EventCountry "FRA"]
[SourceDate "2012.07.07"]

1. e4 e5 2. Nf3 Nc6 3. Bb5 a6 4. Ba4 Nf6 5. O-O Be7 6. Re1 b5 7. Bb3 d6 8. c3
O-O 9. h3 Bb7 10. d4 Re8 11. Nbd2 Bf8 12. d5 Nb8 13. Nf1 Nbd7 14. Ng3 g6 15.
Nh2 Bc8 16. Ng4 Nxg4 17. hxg4 Qh4 18. Nf1 Nc5 19. f3 Nxb3 20. axb3 f5 21. gxf5
gxf5 22. c4 Bd7 23. exf5 Bxf5 24. Ne3 Bd7 25. Qd2 Bh6 26. Qf2 Qxf2+ 27. Kxf2
Rf8 28. Nf1 Bg7 29. Ng3 Rfb8 30. Ne4 bxc4 31. bxc4 Rb4 32. c5 Ba4 33. cxd6 cxd6
34. Nxd6 Rd8 35. Nf5 Bf6 36. Re4 Rxe4 37. fxe4 Bb5 38. Bd2 Rc8 39. Rc1 Rxc1 40.
Bxc1 Bd3 41. Kf3 Bc2 42. Bh6 Kf7 43. Nd6+ Ke7 44. Nc4 Bb3 45. Nd2 Bc2 46. Kg4
Ba4 47. Bg5 Bd1+ 48. Kh4 Bc2 49. Bxf6+ Kxf6 50. Kh5 Ke7 51. Kh6 Kd6 52. Kxh7
Bd1 53. b4 Bc2 54. g4 Bxe4+ 55. Nxe4+ Kxd5 56. Nf6+ Kc4 57. g5 1-0

[Event "Paris-ch Open B"]
[Site "Paris"]
[Date "2012.07.09"]
[Round "3.1"]
[White "Mayot, Philippe"]
[Black "Douat, Jean"]
[Result "1-0"]
[WhiteElo "1898"]
[BlackElo "1767"]
[PlyCount "39"]
[EventDate "2012.07.07"]
[EventCountry "FRA"]
[SourceDate "2012.07.07"]

1. d4 d5 2. c4 e6 3. Nf3 c5 4. g3 Nc6 5. Bg2 Nf6 6. O-O Be7 7. cxd5 Nxd5 8.
dxc5 Bxc5 9. e4 Ndb4 10. Qxd8+ Kxd8 11. Nc3 a6 12. Bf4 Ke7 13. Rfd1 Rd8 14. e5
h6 15. Ne4 Ba7 16. Rxd8 Nxd8 17. Rd1 Nd5 18. Bc1 Bd7 19. b3 Rc8 20. Ba3+ 1-0

[Event "Paris-ch Open B"]
[Site "Paris"]
[Date "2012.07.11"]
[Round "3.2"]
[White "Sochacki, Zenon"]
[Black "Jacquemin, William"]
[Result "1/2-1/2"]
[WhiteElo "1884"]
[BlackElo "1763"]
[PlyCount "66"]
[EventDate "2012.07.07"]
[EventCountry "FRA"]
[SourceDate "2012.07.07"]

1. f4 e5 2. e4 d6 3. Bc4 Nf6 4. Nc3 Be7 5. d3 c6 6. Bb3 Nbd7 7. Nf3 Nc5 8. fxe5
dxe5 9. Nxe5 Nxb3 10. axb3 Qc7 11. Bf4 Ng4 12. d4 Bd6 13. Nxg4 Bxf4 14. Qf3 h5
15. e5 Bg5 16. Ne3 Be6 17. Ne4 Be7 18. Nf5 Bxf5 19. Qxf5 Qb6 20. O-O-O O-O 21.
Qxh5 a5 22. Rhf1 a4 23. Nf6+ Bxf6 24. exf6 axb3 25. Rf4 bxc2 26. Kxc2 Ra2 27.
Rb1 Qb4 28. Qc5 Qa4+ 29. Kd2 Re8 30. fxg7 Qb3 31. g3 Rxb2+ 32. Rxb2 Qxb2+ 33.
Kd3 Qb3+ 1/2-1/2

[Event "Paris-ch Open B"]
[Site "Paris"]
[Date "2012.07.11"]
[Round "3.3"]
[White "Lecorche, Florent"]
[Black "Durand, Sylvain"]
[Result "0-1"]
[WhiteElo "1758"]
[BlackElo "1865"]
[PlyCount "136"]
[EventDate "2012.07.07"]
[EventCountry "FRA"]
[SourceDate "2012.07.07"]

1. d4 Nf6 2. c4 e6 3. Nc3 c5 4. d5 exd5 5. cxd5 d6 6. e4 a6 7. a4 g6 8. Bd3 Bg7
9. Nge2 O-O 10. O-O Re8 11. a5 Qc7 12. f3 Nbd7 13. b3 Rb8 14. Bd2 Ne5 15. Bc4
Nxc4 16. bxc4 Nd7 17. Ng3 Ne5 18. Qe2 Bd7 19. Rfb1 f5 20. Ra3 fxe4 21. Ngxe4
Bf5 22. Rb6 Nd7 23. Rbb3 Bd4+ 24. Kh1 Nf6 25. Nxf6+ Bxf6 26. Qf2 Bd3 27. Ne4
Bxe4 28. fxe4 Qe7 29. Rf3 Bd4 30. Be3 Qxe4 31. Bxd4 cxd4 32. Rad3 Rbc8 33. h3
Rxc4 34. Rd1 Rc2 35. Qxd4 Qxd4 36. Rxd4 Ree2 37. Rg3 Red2 38. Rxd2 Rxd2 39. Rb3
Rxd5 40. Rxb7 Rxa5 41. Rd7 d5 42. Kg1 Rb5 43. Kf2 a5 44. Ke3 a4 45. Ra7 Rb3+
46. Kd4 Rg3 47. Rxa4 Rxg2 48. Kxd5 Rg3 49. h4 Rf3 50. Re4 Kg7 51. Ke5 Kh6 52.
Rf4 Rh3 53. Kf6 Kh5 54. Kg7 Rxh4 55. Rf6 Kg5 56. Ra6 Rh5 57. Ra5+ Kf4 58. Ra4+
Ke5 59. Ra5+ Kd6 60. Ra7 g5 61. Ra6+ Ke5 62. Ra5+ Kf4 63. Ra4+ Kg3 64. Ra5 Kh4
65. Ra1 g4 66. Kf6 g3 67. Rg1 Kg4 68. Kg7 Kf3 0-1

[Event "Paris-ch Open B"]
[Site "Paris"]
[Date "2012.07.11"]
[Round "3.4"]
[White "Vernadet, Jacques"]
[Black "Stili, Karim"]
[Result "0-1"]
[WhiteElo "1758"]
[BlackElo "1858"]
[PlyCount "138"]
[EventDate "2012.07.07"]
[EventCountry "FRA"]
[SourceDate "2012.07.07"]

1. e4 c5 2. Nf3 Nc6 3. Be2 g6 4. c3 d5 5. exd5 Qxd5 6. d3 Bg7 7. O-O Nf6 8.
Nbd2 O-O 9. Nc4 e5 10. Ne3 Qd6 11. Qa4 Nd5 12. Nxd5 Qxd5 13. Qh4 f5 14. Bg5 f4
15. Nd2 Bf5 16. d4 Kh8 17. Bc4 Qd6 18. d5 b5 19. dxc6 bxc4 20. Nxc4 Qxc6 21.
Rfd1 Rab8 22. f3 e4 23. Rd6 Qa4 24. Nd2 Rxb2 25. Bf6 Rxf6 26. Rd8+ Rf8 27. Qe7
Kg8 28. fxe4 Bc8 29. Rxc8 Rxc8 30. Qe6+ Kf8 31. Qxc8+ Kf7 32. Qc7+ Kg8 33. Qd8+
Kf7 34. Qd5+ Ke8 35. Qg8+ Bf8 36. Nc4 Rb8 37. Ne5 Rb7 38. Qe6+ Kd8 39. Qd5+ Kc8
40. Rd1 Qe8 41. Nf7 Qd7 42. Qxd7+ Rxd7 43. Rxd7 Kxd7 44. Kf2 Bg7 45. c4 h6 46.
e5 Ke6 47. Nd8+ Kxe5 48. Nc6+ Ke4 49. Ke2 g5 50. a4 g4 51. a5 f3+ 52. gxf3+
gxf3+ 53. Kf2 Bd4+ 54. Kf1 Kd3 55. a6 Kxc4 56. Nxa7 Kd5 57. Nb5 Kc6 58. Nxd4+
cxd4 59. Kf2 Kb6 60. a7 Kxa7 61. Kxf3 Kb6 62. Ke4 Kc5 63. Kd3 Kd5 64. h3 h5 65.
h4 Ke5 66. Kd2 Kf4 67. Kd3 Kg4 68. Kxd4 Kxh4 69. Ke3 Kg3 0-1

[Event "Paris-ch Open B"]
[Site "Paris"]
[Date "2012.07.09"]
[Round "3.5"]
[White "Vuddamalay, Milan"]
[Black "Toure, Vasanth"]
[Result "1-0"]
[WhiteElo "1857"]
[BlackElo "1761"]
[PlyCount "59"]
[EventDate "2012.07.07"]
[EventCountry "FRA"]
[SourceDate "2012.07.07"]

1. d4 d5 2. c4 e6 3. Nc3 Nf6 4. cxd5 exd5 5. Bg5 Be7 6. e3 O-O 7. Bd3 Re8 8.
Nge2 h6 9. Bf4 Nbd7 10. O-O a6 11. a4 c5 12. Rc1 c4 13. Bb1 Qb6 14. Qc2 Nf8 15.
f3 Ng6 16. Bg3 Be6 17. Bf2 Qc6 18. e4 b5 19. e5 Nd7 20. f4 Bg4 21. f5 Ngf8 22.
Nf4 Bg5 23. Bg3 h5 24. h3 h4 25. Bh2 Bxf4 26. Rxf4 b4 27. Rxg4 bxc3 28. f6 g6
29. bxc3 Rab8 30. Qd2 1-0